| 000 | 01007nam a22002897a 4500 | ||
|---|---|---|---|
| 005 | 20250219134936.0 | ||
| 006 | a|||||r|||| 00| 0 | ||
| 007 | ta | ||
| 008 | 241003b2010 ag ||||| |||| 00| 0 spa d | ||
| 020 | _a9789870589358 | ||
| 040 | _aAR-EsCIE | ||
| 082 | _a632.9 | ||
| 100 |
_aGómez, Cecilia Andrea _9144 |
||
| 245 | 1 | 0 |
_aPlagas y enfermedades de Pinus sp. de la región andion patagónica de Argentina : manual de campo / _cCecilia Gómez, Alina Greslebin, Mario Rajchenberg. |
| 260 |
_aEsquel : _bUniversidad Nacional de la Patagonia, _c2010. |
||
| 300 | _a89 p. | ||
| 650 | 4 |
_aPLAGAS _9146 |
|
| 650 | 4 |
_aPINUS _9145 |
|
| 650 | 4 |
_aHONGOS _981 |
|
| 650 | 4 |
_aINSECTAS _9147 |
|
| 650 | 4 |
_aREGION ANDINO PATAGONICA (ARGENTINA) _966 |
|
| 700 | 1 |
_aGreslebin, Alina Gabriela _9132 |
|
| 700 | 1 |
_aRajchenberg, Mario, _d1954- _9107 |
|
| 856 | _uhttp://www.ciefap.org.ar/digitalizado/Gomez_cecilia_Plagas_y_Enfermedades_en_Plantaciones_de_Patagonia.pdf | ||
| 910 | _aPG241003 | ||
| 942 |
_2ddc _cBK _m632 _n0 |
||
| 999 |
_c68 _d68 |
||